The Doctrine of the Sufis (Record no. 348270)

000 -LEADER
fixed length control field 00310 a2200133 4500
020 ## - INTERNATIONAL STANDARD BOOK NUMBER
International Standard Book Number 9695190391
090 ## - LOCALLY ASSIGNED LC-TYPE CALL NUMBER (OCLC); LOCAL CALL NUMBER (RLIN)
-- 5874
-- 5874
100 ## - MAIN ENTRY--PERSONAL NAME
Personal name A J Arberry
245 ## - TITLE STATEMENT
Title The Doctrine of the Sufis
260 ## - PUBLICATION, DISTRIBUTION, ETC.
Place of publication, distribution, etc. Lahore
Name of publisher, distributor, etc. Suhail Acadamy
Date of publication, distribution, etc. 2001
300 ## - PHYSICAL DESCRIPTION
Extent 173 p.
500 ## - GENERAL NOTE
General note Hardcover
942 ## - ADDED ENTRY ELEMENTS (KOHA)
Institution code [OBSOLETE] NBS
Koha item type Book
Call number prefix 297.4 ARB
Holdings
Withdrawn status Lost status Damaged status Not for loan Permanent Location Current Location Shelving location Date acquired Total Checkouts Full call number Barcode Date last seen Price effective from Koha item type
        Central Library (CL) Central Library (CL) First Floor - Islam 08/28/2013   297.4 ARB NBSD-1397 08/28/2013 08/28/2013 Book
© 2023 Central Library, National University of Sciences and Technology. All Rights Reserved.